00372nam a2200109Ia 4500008004100000082000800041100001300049245008000062942000600142952009900148999001500247240331s9999 xx 000 0 und d bBEY aDAWN. ed 0aBeyond the main stream :bdevelopment alternatives with women for a new era cL 001040708LaWERCLbWERCLcSSCd2024-03-31l0o 323.334 BEYp4167r2024-03-31w2024-03-31yL c2439d2439